00353nam a22001457a 450000500170000002000180001704100120003508200190004710000210006624500640008725000060015126000300015730000080018736500120019520240507143912.0 a9780367535377 aEnglish a370.15 R23 WIL aWilcox Gabrielle aCognitive Neuroscience Foundations for School Psychologists a1 aNew YorkbRoutledgec2023 a340 b4068.00